1864 1812 1755 1157 1860 1424 1979 1949 1652 1788 1512 1351 1114 1391 1671 1648 1139 1607 1842 1811 1204 1988 1503 1986 1459 1002 1444 1031 1098 1413 1425 1305 1519 1459 1677 1062 1504 1064 1987 1162 1823 1418 1518 1827 1872 1387 1299 1862 1604 1179 1590 1162 1292 1101 1276 1726 1429 1366 1593 1564 1432 1762 1642 1550 1944 1527 1972 1627 1915 1543 1992 1290 1411 1368 1849 1468 1883 1012 1853 1771 1291 1329 1986 1526 1685 1091 1336 1097 1038 1752 1397 1168 1449 1804 1742 1097 1871 1295 1383 BCNSPRNW ULIB Ver.6.0+V

เปลี่ยนเป็นภาษาไทย

Change to English
 แสดงรายละเอียดบรรณานุกรม
  กลับหน้าหลัก

Brief Record : Get Marc (ISO 2709) : E-mail record : QR code < ปิดหน้าต่าง
LEADER : 00000nam 2200000uu 4500
001    13399124922
003     ULIB
008    160516s2558||||th 000 0 tha d
020    ^a9789746727068
060  4 ^aWY106^bศ542ก
110 1  ^aมหาวิทยาลัยเชียงใหม่^bคณะพยาบาลศาสตร์
245 00 ^aการพยาบาลชุมชน. /^cคณะพยาบาลศาสตร์ มหาวิทยาลัยเชียงใหม่
250    ^aพิมพ์ครั้งที่ 2
260    ^aนนทบุรี:^bคณะพยาบาลศาสตร์ มหาวิทยาลัยเชียงใหม่,^c2558
300    ^a262 หน้า
650  7 ^aชุมชน
650  7 ^aการพยาบาลชุมชน
700 0  ^aศิวพร อึ้งวัฒนา,^eบรรณาธิการ
700 0  ^aพรพรรณ ทรัพย์ไพบูลย์กิจ,^eบรรณาธิการ
945    ^p250^l0^i000747
945    ^p250^l0^i000748
945    ^p250^l0^i000749
945    ^p250^l0^i000750
945    ^p250^l0^i000751
945    ^p250^l0^i000752
945    ^p250^l0^i000753
945    ^p250^l0^i000754
945    ^p250^l0^i000755
945    ^p250^l0^i000756
945    ^p250^l0^i000757
945    ^p250^l0^i000758
945    ^p250^l0^i000759
945    ^p250^l0^i000760
945    ^p250^l0^i000761
999    ^aเกษร โพธิ์สุวรรณ
รายการนี้ยังไม่มีแท็ก
คุณยังไม่ได้ล็อกอิน คุณสามารถมีกิจกรรมร่วมกับเว็บไซต์ได้ แต่ต้องล็อกอินก่อน ::
  ล็อกอิน

รายการสื่อสารสนเทศ

ลำดับที่ ประเภท เลขเรียก/บาร์โค้ด สถานที่ สถานะ
1. Book การพยาบาล
Book การพยาบาล
สถานะ=หนังสือเก่า
WY106 ศ542ก ฉ.1 
  Barcode: 000747
ห้องสมุดวิทยาเขตสวรรค์ประชารักษ์
►ส่วนจัดเก็บหนังสือเก่า สปร
บนชั้น
  ขอยืม
2. Book การพยาบาล
Book การพยาบาล
สถานะ=หนังสือเก่า
WY106 ศ542ก ฉ.10 
  Barcode: 000756
ห้องสมุดวิทยาเขตสวรรค์ประชารักษ์
►ส่วนจัดเก็บหนังสือเก่า สปร
บนชั้น
  ขอยืม
3. Book การพยาบาล
Book การพยาบาล
สถานะ=หนังสือเก่า
WY106 ศ542ก ฉ.11 
  Barcode: 000757
ห้องสมุดวิทยาเขตสวรรค์ประชารักษ์
►ส่วนจัดเก็บหนังสือเก่า สปร
บนชั้น
  ขอยืม
4. Book การพยาบาล
Book การพยาบาล
สถานะ=หนังสือเก่า
WY106 ศ542ก ฉ.12 
  Barcode: 000758
ห้องสมุดวิทยาเขตสวรรค์ประชารักษ์
►ส่วนจัดเก็บหนังสือเก่า สปร
บนชั้น
  ขอยืม
5. Book การพยาบาล
Book การพยาบาล
สถานะ=หนังสือเก่า
WY106 ศ542ก ฉ.13 
  Barcode: 000759
ห้องสมุดวิทยาเขตสวรรค์ประชารักษ์
►ส่วนจัดเก็บหนังสือเก่า สปร
บนชั้น
  ขอยืม
6. Book การพยาบาล
Book การพยาบาล
สถานะ=หนังสือเก่า
WY106 ศ542ก ฉ.14 
  Barcode: 000760
ห้องสมุดวิทยาเขตสวรรค์ประชารักษ์
►ส่วนจัดเก็บหนังสือเก่า สปร
บนชั้น
  ขอยืม
7. Book การพยาบาล
Book การพยาบาล
สถานะ=หนังสือเก่า
WY106 ศ542ก ฉ.15 
  Barcode: 000761
ห้องสมุดวิทยาเขตสวรรค์ประชารักษ์
►ส่วนจัดเก็บหนังสือเก่า สปร
บนชั้น
  ขอยืม
8. Book การพยาบาล
Book การพยาบาล
สถานะ=หนังสือเก่า
WY106 ศ542ก ฉ.2 
  Barcode: 000748
ห้องสมุดวิทยาเขตสวรรค์ประชารักษ์
►ส่วนจัดเก็บหนังสือเก่า สปร
บนชั้น
  ขอยืม
9. Book การพยาบาล
Book การพยาบาล
สถานะ=หนังสือเก่า
WY106 ศ542ก ฉ.3 
  Barcode: 000749
ห้องสมุดวิทยาเขตสวรรค์ประชารักษ์
►ส่วนจัดเก็บหนังสือเก่า สปร
บนชั้น
  ขอยืม
10. Book การพยาบาล
Book การพยาบาล
WY106 ศ542ก ฉ.4 
  Barcode: 000750
ห้องสมุดวิทยาเขตสวรรค์ประชารักษ์
►วารสาร
บนชั้น
  ขอยืม
11. Book การพยาบาล
Book การพยาบาล
สถานะ=หนังสือเก่า
WY106 ศ542ก ฉ.5 
  Barcode: 000751
ห้องสมุดวิทยาเขตสวรรค์ประชารักษ์
►ส่วนจัดเก็บหนังสือเก่า สปร
บนชั้น
  ขอยืม
12. Book การพยาบาล
Book การพยาบาล
WY106 ศ542ก ฉ.6 
  Barcode: 000752
ห้องสมุดวิทยาเขตสวรรค์ประชารักษ์
►ส่วนจัดเก็บหนังสือเก่า สปร
บนชั้น
  ขอยืม
13. Book การพยาบาล
Book การพยาบาล
สถานะ=หนังสือเก่า
WY106 ศ542ก ฉ.7 
  Barcode: 000753
ห้องสมุดวิทยาเขตสวรรค์ประชารักษ์
►ส่วนจัดเก็บหนังสือเก่า สปร
บนชั้น
  ขอยืม
14. Book การพยาบาล
Book การพยาบาล
สถานะ=หนังสือเก่า
WY106 ศ542ก ฉ.8 
  Barcode: 000754
ห้องสมุดวิทยาเขตสวรรค์ประชารักษ์
►ส่วนจัดเก็บหนังสือเก่า สปร
บนชั้น
  ขอยืม
15. Book การพยาบาล
Book การพยาบาล
สถานะ=หนังสือเก่า
WY106 ศ542ก ฉ.9 
  Barcode: 000755
ห้องสมุดวิทยาเขตสวรรค์ประชารักษ์
►ส่วนจัดเก็บหนังสือเก่า สปร
บนชั้น
  ขอยืม

รายการใกล้เคียง
    หัวเรื่อง [ชุมชน]
    หัวเรื่อง [การพยาบาลชุมชน]

BibComment


ยังไม่เคยถูกคอมเมนท์

คอมเมนท์ทรัพยากรรายการนี้
  คอมเมนท์: การพยาบาลชุมชน ..


 Copyright 2026. Bcnsprnw @Library